Penguins! / (Record no. 131)

MARC details
000 -LEADER
fixed length control field 00890nam a22002897a 4500
001 - CONTROL NUMBER
control field 131
003 - CONTROL NUMBER IDENTIFIER
control field FISKH
005 - DATE AND TIME OF LATEST TRANSACTION
control field 20230228122801.0
008 - FIXED-LENGTH DATA ELEMENTS--GENERAL INFORMATION
fixed length control field 230228b cb ||||| |||| 00| 0 eng d
020 ## - INTERNATIONAL STANDARD BOOK NUMBER
International Standard Book Number 9780545231626
040 ## - CATALOGING SOURCE
Original cataloging agency DLC
Transcribing agency DLC
Modifying agency DLC
050 00 - LIBRARY OF CONGRESS CALL NUMBER
Classification number QL696.S473
Item number S37 2009
082 00 - DEWEY DECIMAL CLASSIFICATION NUMBER
Classification number 598.47
Edition number 22
100 1# - MAIN ENTRY--PERSONAL NAME
Personal name Schreiber, Anne.
245 10 - TITLE STATEMENT
Title Penguins! /
Statement of responsibility, etc. Anne Schreiber.
260 ## - PUBLICATION, DISTRIBUTION, ETC.
Place of publication, distribution, etc. Washington, D.C. :
Name of publisher, distributor, etc. National Geographic,
Date of publication, distribution, etc. 2009.
300 ## - PHYSICAL DESCRIPTION
Extent 31 p. :
Other physical details col. ill., col. map ;
Dimensions 23 cm.
490 0# - SERIES STATEMENT
Series statement National Geographic science readers. Level 2
490 0# - SERIES STATEMENT
Series statement National Geographic kids
505 ## - FORMATTED CONTENTS NOTE
Formatted contents note K
521 8# - TARGET AUDIENCE NOTE
Target audience note 580
Source Lexile
521 8# - TARGET AUDIENCE NOTE
Target audience note K
Source Raz-Plus
650 #0 - SUBJECT ADDED ENTRY--TOPICAL TERM
Topical term or geographic name entry element Penguins
Form subdivision Juvenile literature.
856 41 - ELECTRONIC LOCATION AND ACCESS
Materials specified Table of contents only
Uniform Resource Identifier <a href="http://www.loc.gov/catdir/toc/ecip0819/2008022879.html">http://www.loc.gov/catdir/toc/ecip0819/2008022879.html</a>
906 ## - LOCAL DATA ELEMENT F, LDF (RLIN)
a 7
b cbc
c orignew
d 1
e ecip
f 20
g y-gencatlg
942 ## - ADDED ENTRY ELEMENTS (KOHA)
Source of classification or shelving scheme Dewey Decimal Classification
Koha item type Books
Suppress in OPAC No
Holdings
Withdrawn status Lost status Source of classification or shelving scheme Damaged status Not for loan Collection Home library Current library Shelving location Date acquired Total Checkouts Full call number Barcode Date last seen Date last checked out Copy number Price effective from Koha item type
    Library of Congress Classification     Non-Fiction Footprints International School Library Network Toul Kork Campus Footprints International School Library Network Toul Kork Campus TK Primary Library Room(4th Floor), Bookcase 1&2, Shelves 1-16, Dark Blue Books 02/28/2023 2 SCH 598.47 QL696.S473 FISBK02670 10/19/2023 10/05/2023 1 02/28/2023 Books
    Library of Congress Classification     Non-Fiction Footprints International School Library Network Toul Kork Campus Footprints International School Library Network Toul Kork Campus TK Primary Library Room(4th Floor), Bookcase 1&2, Shelves 1-16, Dark Blue Books 02/28/2023 1 SCH 598.47 QL696.S473 FISTK03924 01/02/2024 08/04/2023 2 02/28/2023 Books